[Event "Scarborough CC ch reserves"]
[Site "Toronto CAN"]
[Date "2008.01.17"]
[Round "3"]
[White "Gillis, Doug"]
[Black "Philip, Andrew"]
[Result "1/2-1/2"]
[WhiteElo "1536"]
[BlackElo "1636"]
[PlyCount "63"]
[GameId "2160767910557604"]
[EventDate "2008.01.03"]
[EventType "swiss"]
[EventRounds "10"]
[EventCountry "CAN"]
[SourceTitle "EXT 2011"]
[Source "ChessBase"]
[SourceDate "2011.11.26"]
[SourceVersion "1"]
[SourceVersionDate "2011.11.26"]
[SourceQuality "1"]

1. e4 d5 2. exd5 Qxd5 3. Nc3 Qa5 4. d4 Nf6 5. Nf3 Bf5 6. Bd2 c6 7. Bc4 e6 8. O-O Bb4 9. a3 Bxc3 10. Bxc3 Qd8 11. Bd3 Bg4 12. h3 Bh5 13. g4 Bg6 14. Ne5 Nbd7 15. Qf3 Bxd3 16. Nxd3 Nd5 17. Bd2 Qf6 18. Qxf6 N5xf6 19. Rae1 O-O-O 20. Bg5 h6 21. Bh4 g5 22. Bg3 Rh7 23. c3 h5 24. Ne5 hxg4 25. hxg4 Nxe5 26. Rxe5 Nxg4 27. Rxg5 Nf6 28. Kg2 Rdh8 29. Be5 Rg8 30. Rxg8+ Nxg8 31. Ra1 Ne7 32. Kf1 1/2-1/2

[Event "Scarborough CC ch reserves"]
[Site "Toronto CAN"]
[Date "2008.01.17"]
[Round "3"]
[White "Karpik, Steve"]
[Black "Manalo, Pepin"]
[Result "0-1"]
[WhiteElo "1585"]
[BlackElo "1813"]
[PlyCount "52"]
[GameId "2160767910557605"]
[EventDate "2008.01.03"]
[EventType "swiss"]
[EventRounds "10"]
[EventCountry "CAN"]
[SourceTitle "EXT 2011"]
[Source "ChessBase"]
[SourceDate "2011.11.26"]
[SourceVersion "1"]
[SourceVersionDate "2011.11.26"]
[SourceQuality "1"]

1. Nf3 e6 2. g3 d5 3. c4 Nf6 4. Bg2 c6 5. b3 Nbd7 6. Bb2 Bd6 7. d4 Qe7 8. c5 Bc7 9. O-O e5 10. dxe5 Nxe5 11. Nxe5 Bxe5 12. Bxe5 Qxe5 13. Na3 O-O 14. Nc2 Bg4 15. Re1 Rfe8 16. Bf3 Bxf3 17. exf3 Qc3 18. Rxe8+ Rxe8 19. b4 d4 20. Rc1 Rd8 21. Qe1 Qxf3 22. Rd1 d3 23. Ne3 h5 24. h3 Ne4 25. Nc4 Nxf2 26. Ne5 Qxd1 0-1

[Event "Scarborough CC ch reserves"]
[Site "Toronto CAN"]
[Date "2008.01.17"]
[Round "3"]
[White "Kurkowski, Ken"]
[Black "Xie, Peter"]
[Result "1-0"]
[WhiteElo "1644"]
[BlackElo "1377"]
[PlyCount "29"]
[GameId "2160767910557606"]
[EventDate "2008.01.03"]
[EventType "swiss"]
[EventRounds "10"]
[EventCountry "CAN"]
[SourceTitle "EXT 2011"]
[Source "ChessBase"]
[SourceDate "2011.11.26"]
[SourceVersion "1"]
[SourceVersionDate "2011.11.26"]
[SourceQuality "1"]

1. e4 e5 2. Nf3 Nc6 3. Bb5 a6 4. Ba4 Nf6 5. Qe2 Be7 6. O-O O-O 7. c3 b5 8. Bb3 Na5 9. Bc2 c5 10. d4 exd4 11. cxd4 Re8 12. e5 Nd5 13. Qe4 Bb7 14. Qxh7+ Kf8 15. Qh8# 1-0

[Event "Scarborough CC ch reserves"]
[Site "Toronto CAN"]
[Date "2008.01.17"]
[Round "3"]
[White "Muir, Tom"]
[Black "Xia, Linda"]
[Result "0-1"]
[WhiteElo "1672"]
[BlackElo "1376"]
[PlyCount "80"]
[GameId "2160767910557607"]
[EventDate "2008.01.03"]
[EventType "swiss"]
[EventRounds "10"]
[EventCountry "CAN"]
[SourceTitle "EXT 2011"]
[Source "ChessBase"]
[SourceDate "2011.11.26"]
[SourceVersion "1"]
[SourceVersionDate "2011.11.26"]
[SourceQuality "1"]

1. d4 d5 2. c4 e6 3. Nc3 Nf6 4. Nf3 c6 5. e3 Nbd7 6. c5 b6 7. b4 a5 8. Ba3 axb4 9. Bxb4 bxc5 10. dxc5 Bxc5 11. Bxc5 Nxc5 12. Be2 O-O 13. O-O Qa5 14. Qc2 Ba6 15. Bxa6 Rxa6 16. Ne5 Qc7 17. Nd3 Nxd3 18. Qxd3 Rfa8 19. a4 Nd7 20. Ra3 c5 21. Rfa1 c4 22. Qc2 Nc5 23. Kf1 Qxh2 24. Nb5 Ra5 25. Nd4 Nd3 26. Nc6 Rc5 27. Nd4 Qh1+ 28. Ke2 Qxg2 29. Rf1 e5 30. Nf3 e4 31. Nd4 Qg4+ 32. Kd2 Rac8 33. Kc3 Qg2 34. Raa1 Rb8 35. Rab1 Rb3+ 36. Kd2 c3+ 37. Ke2 Qg4+ 38. f3 Qg2+ 39. Rf2 Qxf2+ 40. Kd1 Qe1# 0-1

[Event "Scarborough CC ch reserves"]
[Site "Toronto CAN"]
[Date "2008.01.17"]
[Round "3"]
[White "Paterson, Jim"]
[Black "Zlatanov, Petar"]
[Result "1-0"]
[WhiteElo "1821"]
[BlackElo "1527"]
[PlyCount "89"]
[GameId "2160767910557608"]
[EventDate "2008.01.03"]
[EventType "swiss"]
[EventRounds "10"]
[EventCountry "CAN"]
[SourceTitle "EXT 2011"]
[Source "ChessBase"]
[SourceDate "2011.11.26"]
[SourceVersion "1"]
[SourceVersionDate "2011.11.26"]
[SourceQuality "1"]

1. e4 c5 2. Nc3 d6 3. Bb5+ Bd7 4. Qe2 a6 5. Bxd7+ Qxd7 6. Nd5 Qc6 7. c4 Nd7 8. f4 e6 9. Nc3 Be7 10. Nf3 Ngf6 11. d3 O-O 12. O-O b5 13. b3 b4 14. Nd1 Nb6 15. Nf2 a5 16. Bb2 a4 17. Kh1 axb3 18. axb3 Rxa1 19. Rxa1 Ra8 20. Qe1 Rxa1 21. Qxa1 Qa8 22. Qxa8+ Nxa8 23. g4 Nc7 24. Kg2 Nd7 25. h4 f6 26. Kg3 Kf7 27. g5 Ne8 28. Kg4 g6 29. e5 f5+ 30. Kg3 Nb8 31. d4 Nc6 32. exd6 Bxd6 33. dxc5 Bxc5 34. Nd3 Bf8 35. Nfe5+ Nxe5 36. Bxe5 Bd6 37. Kf3 Bf8 38. Ke3 Nd6 39. Bxd6 Bxd6 40. c5 Bf8 41. Kd4 Bg7+ 42. Kc4 Bc3 43. Kb5 Ke7 44. Kc6 Kd8 45. Kb7 1-0

[Event "Scarborough CC ch reserves"]
[Site "Toronto CAN"]
[Date "2008.01.17"]
[Round "3"]
[White "Pishdad, Hassan"]
[Black "Farrant-Diaz, Nathan"]
[Result "1-0"]
[WhiteElo "1174"]
[BlackElo "1451"]
[PlyCount "87"]
[GameId "2160767910557609"]
[EventDate "2008.01.03"]
[EventType "swiss"]
[EventRounds "10"]
[EventCountry "CAN"]
[SourceTitle "EXT 2011"]
[Source "ChessBase"]
[SourceDate "2011.11.26"]
[SourceVersion "1"]
[SourceVersionDate "2011.11.26"]
[SourceQuality "1"]

1. e4 c5 2. Bc4 e6 3. Nf3 d5 4. Bb5+ Bd7 5. Bxd7+ Nxd7 6. exd5 exd5 7. d4 Ngf6 8. c3 Ne4 9. Nbd2 Ndf6 10. Nxe4 Nxe4 11. O-O Be7 12. Qa4+ Qd7 13. Qxd7+ Kxd7 14. Ne5+ Ke6 15. f3 Ng5 16. h4 f6 17. Re1 fxe5 18. Rxe5+ Kf7 19. Bxg5 Bxg5 20. Rxg5 cxd4 21. cxd4 Rhd8 22. Rc1 Rd7 23. Re5 b6 24. Kh2 g6 25. g4 Re8 26. Kg3 Rxe5 27. dxe5 Ke6 28. f4 h6 29. Rc6+ Ke7 30. Rxg6 d4 31. Rg7+ Ke8 32. Rxd7 Kxd7 33. Kf3 Ke6 34. Ke4 d3 35. Kxd3 Kd5 36. g5 h5 37. g6 Ke6 38. Ke4 a6 39. f5+ Ke7 40. f6+ Ke6 41. g7 Kf7 42. Kf5 Kg8 43. Kg6 a5 44. f7# 1-0

[Event "Scarborough CC ch reserves"]
[Site "Toronto CAN"]
[Date "2008.01.17"]
[Round "3"]
[White "Samaroo, Muneshwar"]
[Black "Dattani, Dinesh"]
[Result "0-1"]
[WhiteElo "1590"]
[BlackElo "1386"]
[PlyCount "81"]
[GameId "2160767910557610"]
[EventDate "2008.01.03"]
[EventType "swiss"]
[EventRounds "10"]
[EventCountry "CAN"]
[SourceTitle "EXT 2011"]
[Source "ChessBase"]
[SourceDate "2011.11.26"]
[SourceVersion "1"]
[SourceVersionDate "2011.11.26"]
[SourceQuality "1"]

1. e4 e5 2. Nf3 Nc6 3. Bb5 a6 4. Ba4 Nf6 5. O-O b5 6. Bb3 Be7 7. c3 d6 8. Re1 Bg4 9. d3 O-O 10. Be3 d5 11. exd5 Nxd5 12. h3 Bh5 13. Nbd2 Nxe3 14. fxe3 Qxd3 15. Bc2 Qd8 16. Be4 Qd6 17. Qc2 Qh6 18. Bxc6 Qxc6 19. Nxe5 Qd6 20. Nef3 Qc5 21. Nd4 Bh4 22. Rf1 Qe5 23. e4 Bg6 24. Nf5 Qc5+ 25. Kh1 Bf6 26. Nh6+ Kh8 27. Nf5 Rad8 28. Rae1 b4 29. Nb3 Qc6 30. c4 Rfe8 31. Qe2 Be5 32. Nh4 Re6 33. Nxg6+ Rxg6 34. Rxf7 Rf6 35. Rf1 Rxf1+ 36. Rxf1 Qg6 37. Qf3 h6 38. Rf2 Qg3 39. Qxg3 Bxg3 40. Rd2 Rxd2 41. Nxd2 0-1

[Event "Scarborough CC ch reserves"]
[Site "Toronto CAN"]
[Date "2008.01.17"]
[Round "3"]
[White "Seedhouse, Jeff"]
[Black "Verde, Pino"]
[Result "1/2-1/2"]
[WhiteElo "1562"]
[BlackElo "1677"]
[PlyCount "110"]
[GameId "2160767910557611"]
[EventDate "2008.01.03"]
[EventType "swiss"]
[EventRounds "10"]
[EventCountry "CAN"]
[SourceTitle "EXT 2011"]
[Source "ChessBase"]
[SourceDate "2011.11.26"]
[SourceVersion "1"]
[SourceVersionDate "2011.11.26"]
[SourceQuality "1"]

1. e4 c5 2. Nf3 d6 3. Bb5+ Bd7 4. Bxd7+ Qxd7 5. O-O Nc6 6. c3 Nf6 7. Re1 e5 8. d4 cxd4 9. cxd4 Rd8 10. d5 Ne7 11. Nc3 b5 12. Qb3 a6 13. a4 Rb8 14. axb5 axb5 15. Qb4 Nc8 16. Ra5 Na7 17. Be3 Rb7 18. Rxa7 Rxa7 19. Bxa7 Qxa7 20. Qxb5+ Nd7 21. Qc6 Qb6 22. Qxb6 Nxb6 23. Rc1 Be7 24. Nb5 O-O 25. Na3 f5 26. exf5 Nxd5 27. Rd1 Rc8 28. h3 Nf4 29. Nb5 Rc6 30. Nc3 Rb6 31. g3 Nxh3+ 32. Kg2 Rxb2 33. Kxh3 Rxf2 34. Nh4 Bxh4 35. Kxh4 Rxf5 36. Rxd6 Kf7 37. Ne4 h6 38. Rd7+ Kg6 39. Rd6+ Kh7 40. g4 Rf4 41. Ng3 Rf3 42. Re6 Re3 43. Kh3 g6 44. Kg2 Kg7 45. Kf2 Kf7 46. Kxe3 Kxe6 47. Ke4 Kf6 48. Ne2 Kg5 49. Kf3 e4+ 50. Kg3 h5 51. gxh5 gxh5 52. Ng1 h4+ 53. Kh3 Kh5 54. Ne2 e3 55. Nf4+ Kg5 1/2-1/2

[Event "Scarborough CC ch reserves"]
[Site "Toronto CAN"]
[Date "2008.01.17"]
[Round "3"]
[White "Song, Michael"]
[Black "Douglas, Steven"]
[Result "1-0"]
[WhiteElo "1331"]
[BlackElo "1597"]
[PlyCount "51"]
[GameId "2160767910557612"]
[EventDate "2008.01.03"]
[EventType "swiss"]
[EventRounds "10"]
[EventCountry "CAN"]
[SourceTitle "EXT 2011"]
[Source "ChessBase"]
[SourceDate "2011.11.26"]
[SourceVersion "1"]
[SourceVersionDate "2011.11.26"]
[SourceQuality "1"]

1. e4 d6 2. d4 g6 3. Nf3 Bg7 4. Be3 Nf6 5. Nc3 c6 6. Bc4 Qa5 7. Qd2 Ng4 8. Bf4 Qb6 9. O-O-O Qb4 10. Bb3 b5 11. h3 Nf6 12. e5 Nh5 13. exd6 Nxf4 14. Qxf4 exd6 15. Ng5 O-O 16. Nce4 a5 17. a3 Qxd4 18. Rxd4 Bxd4 19. Qh4 h5 20. g4 Kg7 21. gxh5 Rh8 22. Qf4 Rf8 23. c3 Bb6 24. h6+ Kxh6 25. Qh4+ Kg7 26. Qh7# 1-0

[Event "Scarborough CC ch reserves"]
[Site "Toronto CAN"]
[Date "2008.01.17"]
[Round "3"]
[White "Villalobos, Oscar"]
[Black "Wu, Kevin"]
[Result "1/2-1/2"]
[WhiteElo "1934"]
[BlackElo "1617"]
[PlyCount "78"]
[GameId "2160767910557613"]
[EventDate "2008.01.03"]
[EventType "swiss"]
[EventRounds "10"]
[EventCountry "CAN"]
[SourceTitle "EXT 2011"]
[Source "ChessBase"]
[SourceDate "2011.11.26"]
[SourceVersion "1"]
[SourceVersionDate "2011.11.26"]
[SourceQuality "1"]

1. d4 Nf6 2. Nf3 g6 3. Nc3 Bg7 4. e4 d6 5. Bf4 O-O 6. Qd2 Nbd7 7. Bh6 c5 8. Bxg7 Kxg7 9. e5 dxe5 10. dxe5 Ng4 11. O-O-O Qa5 12. h4 h5 13. Re1 Nb6 14. Ng5 Bf5 15. Be2 Rad8 16. Qf4 Rd4 17. Qf3 Nd5 18. Nxd5 Qd2+ 19. Kb1 Qxc2+ 20. Ka1 Nxe5 21. Ne3 Nxf3 22. Nxc2 Nxe1 23. Nxd4 cxd4 24. Rxe1 d3 25. Bd1 Rc8 26. b3 d2 27. Rg1 Rc1+ 28. Kb2 Bc2 29. Nf3 Rxd1 30. Rxd1 Bxd1 31. Nxd2 Bg4 32. Kc3 Kf6 33. Kd3 Bf5+ 34. Kd4 Ke6 35. Nc4 b5 36. Ne5 Bb1 37. a3 Ba2 38. b4 Bd5 39. g3 Kd6 1/2-1/2

[Event "Scarborough CC ch reserves"]
[Site "Toronto CAN"]
[Date "2008.01.17"]
[Round "3"]
[White "Wu, Aaron"]
[Black "Azmitia, Gabriel"]
[Result "1-0"]
[WhiteElo "1724"]
[BlackElo "1541"]
[PlyCount "63"]
[GameId "2160767910557614"]
[EventDate "2008.01.03"]
[EventType "swiss"]
[EventRounds "10"]
[EventCountry "CAN"]
[SourceTitle "EXT 2011"]
[Source "ChessBase"]
[SourceDate "2011.11.26"]
[SourceVersion "1"]
[SourceVersionDate "2011.11.26"]
[SourceQuality "1"]

1. e4 e5 2. Nf3 Nc6 3. Bb5 a6 4. Ba4 Nf6 5. O-O Bc5 6. Nxe5 Nxe5 7. d4 Ba7 8. dxe5 Nxe4 9. Qg4 Nxf2 10. Qxg7 Rf8 11. Bh6 Qe7 12. Qxf8+ Qxf8 13. Bxf8 Kxf8 14. Rxf2 b5 15. Bb3 Bb7 16. Nd2 Ke7 17. Raf1 Rg8 18. Kh1 Bxf2 19. Rxf2 c5 20. c4 b4 21. Ba4 Rg4 22. b3 h5 23. Nf3 h4 24. Rd2 Bxf3 25. gxf3 Rd4 26. Rxd4 cxd4 27. Kg2 Ke6 28. f4 d6 29. exd6 Kxd6 30. Kf3 f5 31. h3 Ke7 32. Ke2 1-0

[Event "Scarborough CC ch reserves"]
[Site "Toronto CAN"]
[Date "2008.01.24"]
[Round "4"]
[White "Ben Avraham, Mark"]
[Black "Moran-Venegas, Mario"]
[Result "1/2-1/2"]
[WhiteElo "1462"]
[BlackElo "1762"]
[PlyCount "76"]
[GameId "2160767910557615"]
[EventDate "2008.01.03"]
[EventType "swiss"]
[EventRounds "10"]
[EventCountry "CAN"]
[SourceTitle "EXT 2011"]
[Source "ChessBase"]
[SourceDate "2011.11.26"]
[SourceVersion "1"]
[SourceVersionDate "2011.11.26"]
[SourceQuality "1"]

1. e4 d5 2. exd5 Qxd5 3. Nc3 Qd6 4. Nf3 Nf6 5. Be2 a6 6. a4 e6 7. O-O Be7 8. b3 O-O 9. Ba3 c5 10. d4 b6 11. dxc5 Qxd1 12. Rfxd1 bxc5 13. Ne5 Bb7 14. Nd3 Nbd7 15. Bf3 Bxf3 16. gxf3 Rfc8 17. Ne4 Nxe4 18. fxe4 Nf6 19. f3 Bf8 20. Rd2 Rd8 21. Rad1 c4 22. Nc5 Rxd2 23. Rxd2 cxb3 24. cxb3 g6 25. b4 Rc8 26. Nxa6 Ra8 27. Bb2 Nxe4 28. fxe4 Rxa6 29. Rd8 f5 30. a5 Kf7 31. exf5 exf5 32. Rd7+ Ke8 33. Rb7 Bxb4 34. Rxb4 Rxa5 35. Rb8+ Kf7 36. Rb7+ Kg8 37. Rb8+ Kf7 38. Rb7+ Kg8 1/2-1/2

[Event "Scarborough CC ch reserves"]
[Site "Toronto CAN"]
[Date "2008.01.24"]
[Round "4"]
[White "Croxen, Robert"]
[Black "Samaroo, Muneshwar"]
[Result "1/2-1/2"]
[WhiteElo "1633"]
[BlackElo "1590"]
[PlyCount "107"]
[GameId "2160767910557616"]
[EventDate "2008.01.03"]
[EventType "swiss"]
[EventRounds "10"]
[EventCountry "CAN"]
[SourceTitle "EXT 2011"]
[Source "ChessBase"]
[SourceDate "2011.11.26"]
[SourceVersion "1"]
[SourceVersionDate "2011.11.26"]
[SourceQuality "1"]

1. e4 c5 2. Nf3 d6 3. d4 cxd4 4. Nxd4 Nf6 5. Nc3 a6 6. h3 Nc6 7. Nf3 e5 8. Bc4 h6 9. O-O Be7 10. Re1 O-O 11. Nd5 Be6 12. Nxe7+ Qxe7 13. Bxe6 Qxe6 14. b3 Rfd8 15. c4 a5 16. Ba3 Ne8 17. Qd5 Qxd5 18. cxd5 Ne7 19. Rac1 Rac8 20. Rxc8 Rxc8 21. Rc1 Rxc1+ 22. Bxc1 f5 23. Nd2 fxe4 24. Nxe4 Nxd5 25. Ba3 Nb4 26. Bxb4 axb4 27. Kf1 Kf7 28. Ke2 Ke6 29. Kd3 Kd5 30. Ng3 g6 31. Ne4 b5 32. f3 Kc6 33. Kd2 Kd5 34. Nf2 Nc7 35. Nd3 Na6 36. Ke3 g5 37. g3 Ke6 38. Kd2 d5 39. Ke3 Kd6 40. Kf2 d4 41. h4 Kd5 42. Ke2 e4 43. fxe4+ Kxe4 44. Nf2+ Kf5 45. Kd3 gxh4 46. gxh4 Kf4 47. Kxd4 Kg3 48. Ne4+ Kxh4 49. Kd5 Kg4 50. Kc6 Kf4 51. Nf6 Kf5 52. Nh5 Kg5 53. Ng3 Kg4 54. Ne4 1/2-1/2

[Event "Scarborough CC ch reserves"]
[Site "Toronto CAN"]
[Date "2008.01.24"]
[Round "4"]
[White "Graham, John"]
[Black "Pishdad, Hassan"]
[Result "1/2-1/2"]
[WhiteElo "1574"]
[BlackElo "1174"]
[PlyCount "124"]
[GameId "2160767910557617"]
[EventDate "2008.01.03"]
[EventType "swiss"]
[EventRounds "10"]
[EventCountry "CAN"]
[SourceTitle "EXT 2011"]
[Source "ChessBase"]
[SourceDate "2011.11.26"]
[SourceVersion "1"]
[SourceVersionDate "2011.11.26"]
[SourceQuality "1"]

1. c4 e5 2. g3 Nf6 3. Bg2 Bc5 4. e3 d5 5. cxd5 Nxd5 6. a3 O-O 7. b4 Be7 8. Bb2 Bf6 9. Ne2 Nb6 10. Qc2 Be6 11. Bxb7 N8d7 12. Be4 g6 13. O-O Rb8 14. d3 Bg7 15. Nbc3 Re8 16. Rac1 a6 17. Bg2 c5 18. b5 axb5 19. Nxb5 Nd5 20. Nd6 Rf8 21. Nc4 f6 22. Nc3 Nxc3 23. Qxc3 Bxc4 24. dxc4 Nb6 25. Rfd1 Qc7 26. Qc2 Kh8 27. a4 Qa7 28. Bc6 Rbd8 29. Rxd8 Rxd8 30. Rd1 Rxd1+ 31. Qxd1 Qc7 32. Bb5 Bf8 33. a5 Nxc4 34. Bxc4 Qxa5 35. Qb3 Qa7 36. Qb5 Qe7 37. Qc6 Kg7 38. Qd5 Kh6 39. e4 Qd6 40. Bc1+ g5 41. h4 Qxd5 42. exd5 Bd6 43. hxg5+ fxg5 44. Kg2 Kg6 45. Kf3 h5 46. Bd3+ Kf6 47. Kg2 Bc7 48. f3 Bd6 49. Bd2 Bc7 50. Kh3 Bd6 51. Ba5 Ke7 52. Bg6 h4 53. gxh4 gxh4 54. Kxh4 Kf6 55. Be4 Be7 56. Bd2 c4 57. Bc3 Bc5 58. Bd2 Kg7 59. Kg4 Kf7 60. Kf5 Bd4 61. f4 c3 62. Bc1 exf4 1/2-1/2

[Event "Scarborough CC ch reserves"]
[Site "Toronto CAN"]
[Date "2008.01.24"]
[Round "4"]
[White "Karpik, Steve"]
[Black "Muir, Tom"]
[Result "1-0"]
[WhiteElo "1585"]
[BlackElo "1685"]
[PlyCount "87"]
[GameId "2160767910557618"]
[EventDate "2008.01.03"]
[EventType "swiss"]
[EventRounds "10"]
[EventCountry "CAN"]
[SourceTitle "EXT 2011"]
[Source "ChessBase"]
[SourceDate "2011.11.26"]
[SourceVersion "1"]
[SourceVersionDate "2011.11.26"]
[SourceQuality "1"]

1. Nf3 d5 2. c4 c6 3. b3 Nf6 4. g3 Bf5 5. d3 e6 6. Bg2 Nbd7 7. O-O Bd6 8. Bb2 Qc7 9. Nbd2 O-O 10. Rc1 Qa5 11. a3 Bxa3 12. Ra1 Qc7 13. Bxa3 Rfe8 14. Bb2 e5 15. cxd5 cxd5 16. Rc1 Qd6 17. d4 e4 18. Ne5 Ng4 19. Nxg4 Bxg4 20. f3 exf3 21. Bxf3 Nf6 22. Re1 Bh3 23. e4 dxe4 24. Nxe4 Nxe4 25. Bxe4 Qb6 26. Qh5 Qh6 27. Qxh6 gxh6 28. Bxb7 Rab8 29. Bd5 a5 30. Kf2 Rbc8 31. Rxe8+ Rxe8 32. Rc7 Be6 33. Bxe6 fxe6 34. Rb7 Rc8 35. Ke3 Rc2 36. Rb8+ Kf7 37. Rb7+ Kg6 38. Ba3 Rxh2 39. Rb6 Kf5 40. Bd6 Kf6 41. Be5+ Kf7 42. Rb7+ Kg6 43. Rg7+ Kf5 44. g4# 1-0

[Event "Scarborough CC ch reserves"]
[Site "Toronto CAN"]
[Date "2008.01.24"]
[Round "4"]
[White "Mesiti, Silvano"]
[Black "Paterson, Jim"]
[Result "1/2-1/2"]
[WhiteElo "1770"]
[BlackElo "1821"]
[PlyCount "112"]
[GameId "2160767910557619"]
[EventDate "2008.01.03"]
[EventType "swiss"]
[EventRounds "10"]
[EventCountry "CAN"]
[SourceTitle "EXT 2011"]
[Source "ChessBase"]
[SourceDate "2011.11.26"]
[SourceVersion "1"]
[SourceVersionDate "2011.11.26"]
[SourceQuality "1"]

1. e4 Nf6 2. e5 Nd5 3. c4 Nb6 4. Nc3 d6 5. Nf3 Nc6 6. exd6 exd6 7. Be2 Be7 8. O-O O-O 9. b3 Bf5 10. d4 Bf6 11. Bb2 Re8 12. a3 Qd7 13. Nb1 Na5 14. Bd3 c5 15. Bxf5 Qxf5 16. Bc3 Nc6 17. d5 Ne5 18. Nxe5 Bxe5 19. Bxe5 Rxe5 20. Re1 Qg4 21. Nc3 Rxe1+ 22. Qxe1 Qd7 23. Qd2 a6 24. Re1 Re8 25. Kf1 Nc8 26. Re3 Re7 27. Qe2 Qe8 28. Ne4 Qd7 29. Qf3 b6 30. a4 Re5 31. Qe2 Qf5 32. Qe1 f6 33. Ng3 Rxe3 34. Nxf5 Rxe1+ 35. Kxe1 g6 36. Ne3 Kf7 37. Ke2 Na7 38. Kd3 f5 39. g3 Kf6 40. f4 h6 41. h4 Nc8 42. Kc3 g5 43. hxg5+ hxg5 44. Kd3 Ne7 45. fxg5+ Kxg5 46. Kc3 f4 47. gxf4+ Kxf4 48. Nc2 Nf5 49. b4 Ne3 50. bxc5 bxc5 51. Ne1 Ke4 52. a5 Nxd5+ 53. cxd5 Kxd5 54. Nc2 Kc6 55. Na3 d5 56. Kd3 Kd6 1/2-1/2

[Event "Scarborough CC ch reserves"]
[Site "Toronto CAN"]
[Date "2008.01.24"]
[Round "4"]
[White "Perez, Michael"]
[Black "Seedhouse, Jeff"]
[Result "1-0"]
[WhiteElo "1728"]
[BlackElo "1562"]
[PlyCount "42"]
[GameId "2160767910557620"]
[EventDate "2008.01.03"]
[EventType "swiss"]
[EventRounds "10"]
[EventCountry "CAN"]
[SourceTitle "EXT 2011"]
[Source "ChessBase"]
[SourceDate "2011.11.26"]
[SourceVersion "1"]
[SourceVersionDate "2011.11.26"]
[SourceQuality "1"]

1. e4 e5 2. d4 exd4 3. Bc4 Nc6 4. Nf3 Bb4+ 5. c3 dxc3 6. bxc3 Ba5 7. Qb3 Qe7 8. O-O d6 9. Ba3 Nh6 10. Nbd2 O-O 11. Rfe1 Qf6 12. e5 Nxe5 13. Nxe5 dxe5 14. Bxf8 Bb6 15. Ne4 Bxf2+ 16. Nxf2 Kxf8 17. Ne4 Qf4 18. Bxf7 Ng4 19. Qb4+ Kxf7 20. Rf1 Ke8 21. Rxf4 exf4 1-0

[Event "Scarborough CC ch reserves"]
[Site "Toronto CAN"]
[Date "2008.01.24"]
[Round "4"]
[White "Prabhudesai, Aniket"]
[Black "Jizan, Masoud"]
[Result "0-1"]
[WhiteElo "1082"]
[BlackElo "1622"]
[PlyCount "48"]
[GameId "2160767910557621"]
[EventDate "2008.01.03"]
[EventType "swiss"]
[EventRounds "10"]
[EventCountry "CAN"]
[SourceTitle "EXT 2011"]
[Source "ChessBase"]
[SourceDate "2011.11.26"]
[SourceVersion "1"]
[SourceVersionDate "2011.11.26"]
[SourceQuality "1"]

1. e4 c5 2. Bc4 Nc6 3. Qf3 e6 4. Ne2 Ne5 5. Qb3 Nf6 6. O-O Nxe4 7. d3 Nf6 8. Be3 a6 9. a4 d5 10. Bf4 Nc6 11. Nbc3 dxc4 12. Qxc4 e5 13. Be3 Be6 14. Nd5 Nxd5 15. Bxc5 Na5 16. Qa2 Bxc5 17. c4 Nb4 18. Qb1 Nxd3 19. Rd1 e4 20. Kf1 Qh4 21. Ng3 Bxc4 22. b4 Qf4 23. Qc2 Nxb4+ 24. Ne2 Qxf2# 0-1

[Event "Scarborough CC ch reserves"]
[Site "Toronto CAN"]
[Date "2008.01.24"]
[Round "4"]
[White "Xia, Linda"]
[Black "Bellomo, Joe"]
[Result "1-0"]
[WhiteElo "1376"]
[BlackElo "1723"]
[PlyCount "85"]
[GameId "2160767910557622"]
[EventDate "2008.01.03"]
[EventType "swiss"]
[EventRounds "10"]
[EventCountry "CAN"]
[SourceTitle "EXT 2011"]
[Source "ChessBase"]
[SourceDate "2011.11.26"]
[SourceVersion "1"]
[SourceVersionDate "2011.11.26"]
[SourceQuality "1"]

1. d4 Nf6 2. Bg5 h6 3. Bxf6 exf6 4. c4 b6 5. Nf3 Bb7 6. e3 d5 7. Nc3 Be7 8. Bd3 dxc4 9. Bxc4 O-O 10. O-O Nd7 11. Rc1 c5 12. d5 Ne5 13. Nxe5 fxe5 14. e4 Bg5 15. Rb1 a6 16. b4 b5 17. bxc5 Rc8 18. Na4 Ba8 19. Bxb5 axb5 20. Rxb5 Qe8 21. c6 Bxc6 22. dxc6 Qxc6 23. Qd5 Qc2 24. Nb6 Rfd8 25. Qxe5 Rd1 26. g3 Rxf1+ 27. Kxf1 Qd1+ 28. Kg2 Rc1 29. Qe8+ Kh7 30. Nd7 Qf1+ 31. Kf3 Rc3+ 32. Kg4 f5+ 33. Rxf5 Qd1+ 34. f3 Qd6 35. Nf8+ Kg8 36. Ne6+ Kh7 37. Rf8 Qxf8 38. Nxf8+ Kg8 39. Ne6+ Kh7 40. Kh5 Rc2 41. Nf8+ Kg8 42. Ng6+ Kh7 43. Qh8# 1-0

[Event "Scarborough CC ch reserves"]
[Site "Toronto CAN"]
[Date "2008.01.31"]
[Round "5"]
[White "Arfin, Sam"]
[Black "Perez, Michael"]
[Result "1/2-1/2"]
[WhiteElo "1659"]
[BlackElo "1728"]
[PlyCount "88"]
[GameId "2160767910557623"]
[EventDate "2008.01.03"]
[EventType "swiss"]
[EventRounds "10"]
[EventCountry "CAN"]
[SourceTitle "EXT 2011"]
[Source "ChessBase"]
[SourceDate "2011.11.26"]
[SourceVersion "1"]
[SourceVersionDate "2011.11.26"]
[SourceQuality "1"]

1. Nf3 d5 2. g3 c5 3. Bg2 Nc6 4. O-O e5 5. d3 f6 6. Nbd2 Be6 7. e4 d4 8. Nh4 Qd7 9. f4 Bg4 10. Bf3 Bxf3 11. Qxf3 O-O-O 12. f5 Nb4 13. Qd1 Nh6 14. a3 Nc6 15. Nc4 b5 16. Nd2 c4 17. dxc4 bxc4 18. Nxc4 d3 19. Be3 d2 20. Qxd2 Qxd2 21. Bxd2 Rd4 22. Bxh6 Rxc4 23. Be3 Rxe4 24. Ng2 Rc4 25. c3 Bc5 26. Rad1 e4 27. Kf2 Ne5 28. Bxc5 Ng4+ 29. Kg1 Rxc5 30. h3 Ne5 31. Nf4 Nf3+ 32. Kf2 Rxf5 33. Ke3 Re8 34. Rd6 Ng5 35. h4 Nf7 36. Rd4 Rfe5 37. Rfd1 g5 38. Ne2 Nh6 39. Rc4+ Kb8 40. Rb4+ Kc7 41. Rc4+ Kb8 42. Rd7 Ng4+ 43. Kd2 e3+ 44. Ke1 Nh2 1/2-1/2